[Event "?"]
[Site "?"]
[Date "????.??.??"]
[Round "?"]
[White "Nettesheim, K."]
[Black "Eskandary, J."]
[Result "1/2-1/2"]
[WhiteElo "1920"]
[BlackElo "2139"]
[PlyCount "51"]
[EventDate "2010.??.??"]
[WhiteTeam "Stiftg BSW/DBAG 3"]
[BlackTeam "BSW Lok Dresden"]

1. d4 d6 2. Nf3 Nd7 3. Bf4 g6 4. c3 Bg7 5. e4 e5 6. Bg3 Qe7 7. Bd3 Ngf6 8. O-O
O-O 9. Re1 Nh5 10. Qc2 Nb6 11. dxe5 dxe5 12. Nbd2 Nxg3 13. hxg3 Be6 14. Rad1
Rfd8 15. b3 a5 16. a4 f6 17. Nc4 Nxc4 18. Bxc4 Bxc4 19. bxc4 Qe6 20. Rxd8+ Rxd8
21. Rd1 Rd6 22. Rxd6 Qxd6 23. Qb3 Qc6 24. Nd2 Kf8 25. Qb5 Qd6 26. Qd5 1/2-1/2

[Event "?"]
[Site "?"]
[Date "????.??.??"]
[Round "?"]
[White "Schwier, M."]
[Black "Mai, H."]
[Result "1-0"]
[WhiteElo "2165"]
[BlackElo "1933"]
[PlyCount "61"]
[EventDate "2010.??.??"]
[WhiteTeam "BSW Lok Dresden"]
[BlackTeam "Stiftg BSW/DBAG 3"]

1. e4 d5 2. exd5 Qxd5 3. Nc3 Qa5 4. d4 c6 5. Bc4 Bf5 6. Nf3 Nf6 7. Bd2 e6 8.
Nh4 Bg6 9. Nxg6 hxg6 10. Qe2 Qb6 11. O-O-O Bb4 12. d5 cxd5 13. Nxd5 Bxd2+ 14.
Rxd2 Nxd5 15. Rxd5 O-O 16. Rb5 Qc7 17. h4 Nc6 18. c3 a6 19. Rc5 Qd6 20. Qe3 b5
21. Rd1 Qc7 22. Be2 Qb6 23. Rd6 Qa5 24. Rcxc6 Qxa2 25. Qd3 a5 26. Qb1 Qa4 27.
f3 b4 28. b3 Qa3+ 29. Qb2 Rab8 30. Qxa3 bxa3 31. Bc4 1-0

[Event "?"]
[Site "?"]
[Date "????.??.??"]
[Round "?"]
[White "James, G."]
[Black "Olesen, P."]
[Result "1-0"]
[WhiteElo "2203"]
[BlackElo "2082"]
[PlyCount "43"]
[EventDate "2010.??.??"]
[WhiteTeam "England 1"]
[BlackTeam "Dänemark 2"]

1. e4 g6 2. d4 Bg7 3. Nc3 d6 4. Be3 Nf6 5. f3 O-O 6. Bc4 c6 7. Bb3 e5 8. dxe5
dxe5 9. Qe2 Re8 10. Qf2 Qa5 11. Nge2 Bf8 12. Qh4 Nfd7 13. O-O Qd8 14. Bg5 Qb6+
15. Kh1 Bg7 16. f4 Nf8 17. f5 gxf5 18. exf5 Qc7 19. Ne4 Nbd7 20. Qh5 Nb6 21.
Nf6+ Bxf6 22. Bxf6 1-0

[Event "?"]
[Site "?"]
[Date "????.??.??"]
[Round "?"]
[White "Norman, K."]
[Black "Preuss, F."]
[Result "1-0"]
[WhiteElo "2172"]
[BlackElo "2057"]
[PlyCount "120"]
[EventDate "2010.??.??"]
[WhiteTeam "England 1"]
[BlackTeam "Dänemark 2"]

1. Nf3 f5 2. g3 Nf6 3. Bg2 d6 4. d4 g6 5. O-O Bg7 6. c4 O-O 7. d5 a5 8. Nc3 Qe8
9. Nd4 Na6 10. Rb1 e5 11. dxe6 c6 12. b3 Nc5 13. Ba3 Bxe6 14. e3 Bf7 15. Qc2
Qe7 16. Rbd1 Rfd8 17. Nde2 Ng4 18. Rd2 Rd7 19. Rfd1 Rad8 20. Bb2 Nf6 21. Qc1
Re8 22. Qa1 Red8 23. Qc1 Re8 24. Ba3 Red8 25. Qc2 Ne8 26. e4 Nxe4 27. Nxe4 fxe4
28. Bxe4 Nf6 29. Bf3 Be6 30. Nf4 Bf5 31. Qc1 Ng4 32. Re2 Ne5 33. Bg2 Qf7 34.
Qd2 Bg4 35. Rde1 Bxe2 36. Rxe2 g5 37. Nd3 Nf3+ 38. Bxf3 Qxf3 39. Re3 Qf5 40.
Qe2 Bd4 41. Re8+ Kf7 42. Re4 c5 43. h4 h6 44. Nf4 Be5 45. Nd5 Kg7 46. Bc1 Kg6
47. hxg5 hxg5 48. Rg4 Bd4 49. Rxg5+ Qxg5 50. Bxg5 Kxg5 51. Kg2 Rf7 52. f4+ Kh6
53. Qe6+ Kg7 54. g4 Kf8 55. g5 Kg7 56. f5 Be5 57. Qg6+ Kf8 58. f6 Rdd7 59. Qf5
Rh7 60. g6 Rh2+ 1-0

[Event "?"]
[Site "?"]
[Date "????.??.??"]
[Round "?"]
[White "Dürrfeld, P."]
[Black "Scholes, J."]
[Result "1/2-1/2"]
[WhiteElo "1946"]
[BlackElo "2115"]
[PlyCount "56"]
[EventDate "2010.??.??"]
[WhiteTeam "Dänemark 2"]
[BlackTeam "England 1"]

1. e4 c5 2. Nc3 Nc6 3. g3 e5 4. Bg2 g6 5. d3 Bg7 6. f4 d6 7. fxe5 dxe5 8. Nge2
Nge7 9. Be3 b6 10. Qd2 h6 11. Nd5 Be6 12. Nec3 Nd4 13. O-O Bxd5 14. Nxd5 Nxd5
15. exd5 Qd6 16. Rae1 Nf5 17. Qf2 O-O 18. Kh1 Ne7 19. c4 f5 20. Qe2 Rae8 21. g4
Kh7 22. gxf5 Nxf5 23. Be4 Rf6 24. Rf2 Ref8 25. Ref1 Qe7 26. Rf3 Nd6 27. Qg2
Nxe4 28. dxe4 Rxf3 1/2-1/2

[Event "?"]
[Site "?"]
[Date "????.??.??"]
[Round "?"]
[White "Ulker, A."]
[Black "Mostertman, L."]
[Result "1/2-1/2"]
[WhiteElo "2140"]
[BlackElo "2077"]
[PlyCount "21"]
[EventDate "2010.??.??"]
[WhiteTeam "Türkei"]
[BlackTeam "Oranjeteam 2"]
[WhiteTeamCountry "TUR"]

1. e4 e5 2. Nf3 Nc6 3. Bb5 f5 4. Nc3 Nd4 5. Nxe5 Qf6 6. Nf3 fxe4 7. Nxe4 Qe6 8.
O-O c6 9. Be2 d5 10. d3 dxe4 11. Be3 1/2-1/2

[Event "?"]
[Site "?"]
[Date "????.??.??"]
[Round "?"]
[White "Versteeg, C."]
[Black "Pekun, C."]
[Result "0-1"]
[WhiteElo "2052"]
[BlackElo "2229"]
[PlyCount "80"]
[EventDate "2010.??.??"]
[WhiteTeam "Oranjeteam 2"]
[BlackTeam "Türkei"]
[BlackTeamCountry "TUR"]

1. e4 c5 2. Nf3 e6 3. d4 cxd4 4. Nxd4 a6 5. c4 Nf6 6. Nc3 Qc7 7. Be2 Be7 8. O-O
O-O 9. Be3 Nc6 10. Rc1 Ne5 11. b3 d6 12. f4 Ng6 13. Kh1 Bd7 14. g4 Bc6 15. Nxc6
bxc6 16. g5 Ne8 17. Bg4 e5 18. f5 Nf4 19. Bxf4 exf4 20. h4 h6 21. f6 Bd8 22.
Rxf4 hxg5 23. hxg5 gxf6 24. gxf6 Bxf6 25. Bf5 Bg5 26. Qh5 f6 27. Rg1 Qf7 28.
Rxg5+ fxg5 29. Qxg5+ Ng7 30. Bh7+ Kxh7 31. Rxf7 Rxf7 32. Qh4+ Kg8 33. Qg3 Raf8
34. Kg2 Rf6 35. Ne2 Kh7 36. Qh3+ Rh6 37. Qd7 Rg6+ 38. Ng3 Kg8 39. Kh3 Rf3 40.
Qxd6 Rxd6 0-1

[Event "?"]
[Site "?"]
[Date "????.??.??"]
[Round "?"]
[White "Mascini, J."]
[Black "Muratoglu, S."]
[Result "0-1"]
[WhiteElo "1894"]
[BlackElo "2083"]
[PlyCount "73"]
[EventDate "2010.??.??"]
[WhiteTeam "Oranjeteam 2"]
[BlackTeam "Türkei"]
[BlackTeamCountry "TUR"]

1. Nf3 d5 2. d4 c6 3. c4 Nf6 4. Nc3 e6 5. Bg5 dxc4 6. e4 b5 7. e5 h6 8. Bh4 g5
9. Nxg5 hxg5 10. Bxg5 Nbd7 11. g3 Nxe5 12. dxe5 Qxd1+ 13. Rxd1 Nd5 14. Bg2 Be7
15. Bxe7 Kxe7 16. O-O a5 17. Rd2 Bd7 18. Rfd1 Rac8 19. Ne4 Rc7 20. Rd4 Rh5 21.
f4 c5 22. R4d2 b4 23. Rc1 Bb5 24. Nd6 c3 25. bxc3 Nxc3 26. Bf3 Rh8 27. Rdc2 Bd3
28. Rd2 c4 29. a3 Rb8 30. axb4 axb4 31. Kf2 Ra7 32. Ke3 Na2 33. Rxc4 Bxc4 34.
Nxc4 b3 35. Be4 Nc3 36. Bf3 Ra2 37. Rb2 0-1

[Event "?"]
[Site "?"]
[Date "????.??.??"]
[Round "?"]
[White "Bold, K."]
[Black "Hellwege, W."]
[Result "1/2-1/2"]
[WhiteElo "2149"]
[BlackElo "2000"]
[PlyCount "60"]
[EventDate "2010.??.??"]
[WhiteTeam "Pfalz"]
[BlackTeam "FB Niedersachsen"]

1. e4 c5 2. d4 cxd4 3. c3 dxc3 4. Nxc3 Nc6 5. Nf3 d6 6. Bc4 e6 7. Bf4 a6 8. O-O
Qc7 9. Rc1 Bd7 10. Re1 Rd8 11. e5 dxe5 12. Bg3 f6 13. a3 Nge7 14. Nh4 g6 15.
Ne4 Bg7 16. Nc5 Bc8 17. Qg4 f5 18. Qg5 Qd6 19. b4 b6 20. Nxa6 f4 21. Bxf4 exf4
22. Bxe6 Bxa6 23. b5 h6 24. Qg4 Bxb5 25. Nxg6 Qd3 26. Nxh8 Bxh8 27. Qh5+ Qg6
28. Qxb5 Rd6 29. Bd5 Kf8 30. Qxb6 Nd4 1/2-1/2

[Event "?"]
[Site "?"]
[Date "????.??.??"]
[Round "?"]
[White "Jürgens, P."]
[Black "Keller, L."]
[Result "1/2-1/2"]
[WhiteElo "2014"]
[BlackElo "2086"]
[PlyCount "52"]
[EventDate "2010.??.??"]
[WhiteTeam "FB Niedersachsen"]
[BlackTeam "Pfalz"]

1. d4 c5 2. c3 d5 3. Nf3 Nf6 4. Bf4 Qb6 5. Qb3 Nc6 6. e3 Bf5 7. dxc5 Qxb3 8.
axb3 Nd7 9. b4 e5 10. Bg3 f6 11. Bb5 Rc8 12. O-O a6 13. Be2 Be7 14. Nbd2 g5 15.
Ne1 h5 16. h4 Kf7 17. f4 gxh4 18. Bxh4 e4 19. Nb3 Bg4 20. Kf2 Rcg8 21. Rd1 f5
22. Rh1 Bxh4+ 23. Rxh4 Nf6 24. Nd4 Nxd4 25. Rxd4 Bxe2 26. Kxe2 Rg3 1/2-1/2

[Event "?"]
[Site "?"]
[Date "????.??.??"]
[Round "?"]
[White "Betz, E."]
[Black "Fritsch, J."]
[Result "1/2-1/2"]
[WhiteElo "2011"]
[BlackElo "1949"]
[PlyCount "77"]
[EventDate "2010.??.??"]
[WhiteTeam "Pfalz"]
[BlackTeam "FB Niedersachsen"]

1. d4 d5 2. Nf3 Bf5 3. c4 Bxb1 4. Rxb1 c6 5. cxd5 Qxd5 6. b3 e6 7. e3 Nf6 8.
Bc4 Qh5 9. Be2 Qa5+ 10. Bd2 Qc7 11. Qc2 Nbd7 12. b4 Rc8 13. O-O Be7 14. Bd3 a6
15. a4 Qb8 16. e4 g6 17. e5 Nd5 18. Ng5 Qa7 19. Qb2 O-O 20. Ne4 Kg7 21. Nc5 b5
22. axb5 Nxc5 23. dxc5 axb5 24. Ra1 Qb7 25. Ra3 Ra8 26. Rfa1 Rxa3 27. Qxa3 Rb8
28. Qa7 h6 29. f4 Bd8 30. Kf2 f5 31. Ra6 Qxa7 32. Rxa7+ Nc7 33. Be2 Kg8 34. Bf3
Nd5 35. g3 Rc8 36. Ke2 Rc7 37. Bxd5 Rxa7 38. Bxc6 Kf7 39. Bxb5 1/2-1/2

[Event "?"]
[Site "?"]
[Date "????.??.??"]
[Round "?"]
[White "Winter, K."]
[Black "Koskinen, V."]
[Result "1/2-1/2"]
[WhiteElo "2077"]
[BlackElo "1990"]
[PlyCount "85"]
[EventDate "2010.??.??"]
[WhiteTeam "SV TuR Dresden"]
[BlackTeam "Helsinki"]

1. c4 f5 2. Nc3 Nf6 3. d4 g6 4. Nf3 Bg7 5. g3 O-O 6. Bg2 d6 7. O-O Qe8 8. Nb5
Na6 9. d5 e5 10. Ng5 e4 11. Nd4 Nc5 12. b4 h6 13. bxc5 hxg5 14. cxd6 cxd6 15.
Bxg5 a6 16. Rb1 Ng4 17. Rb6 Ne5 18. Rxd6 Nxc4 19. Rd8 Qf7 20. Rxf8+ Bxf8 21.
Nb3 b5 22. f3 e3 23. Qd3 Bb7 24. Bxe3 Nxe3 25. Qxe3 Bxd5 26. f4 Bxg2 27. Kxg2
Re8 28. Qd3 Qe6 29. Rf2 Bb4 30. Nd4 Qd5+ 31. Nf3 Qxa2 32. Ng5 Qc4 33. Qd7 Re7
34. Qd8+ Kg7 35. Kh3 a5 36. Rf3 Rxe2 37. Rd3 Re7 38. Rd7 Qf1+ 39. Kh4 Qe2 40.
Rxe7+ Bxe7 41. Qd4+ Bf6 42. Qd7+ Be7 43. Qd4+ 1/2-1/2

[Event "?"]
[Site "?"]
[Date "????.??.??"]
[Round "?"]
[White "Kangas, M."]
[Black "Appelt, G."]
[Result "0-1"]
[WhiteElo "1935"]
[BlackElo "2065"]
[PlyCount "24"]
[EventDate "2010.??.??"]
[WhiteTeam "Helsinki"]
[BlackTeam "SV TuR Dresden"]

1. e4 e5 2. Nf3 Nc6 3. Bc4 Nf6 4. Nc3 Be7 5. O-O O-O 6. a3 Nxe4 7. Qe2 Nxc3 8.
dxc3 d6 9. Re1 Kh8 10. b4 Bf6 11. Bb2 Ne7 12. Rad1 Ng6 0-1

[Event "?"]
[Site "?"]
[Date "????.??.??"]
[Round "?"]
[White "Walther, D."]
[Black "Dahl, I."]
[Result "0-1"]
[WhiteElo "2154"]
[BlackElo "1949"]
[PlyCount "96"]
[EventDate "2010.??.??"]
[WhiteTeam "Rheno Palatinat"]
[BlackTeam "Blindern Oldtimers"]

1. d4 e6 2. Bf4 Nf6 3. e3 Be7 4. Nf3 b6 5. c4 Bb7 6. Nc3 O-O 7. Be2 d6 8. O-O
Nh5 9. Qd2 Nxf4 10. exf4 Nd7 11. Rfe1 Nf6 12. d5 exd5 13. cxd5 a6 14. Rad1 Qd7
15. h3 Rae8 16. Kh2 Bd8 17. a4 g6 18. g4 Ne4 19. Nxe4 Rxe4 20. b3 Rfe8 21. Kg3
Bf6 22. Qc2 R4e7 23. Qd3 Bg7 24. Ng1 f5 25. g5 Re4 26. Qc2 Qf7 27. h4 Kh8 28.
Qc1 Bxd5 29. Bf3 Rxe1 30. Rxe1 Bxf3 31. Rxe8+ Qxe8 32. Nxf3 Qd7 33. Qc4 b5 34.
axb5 axb5 35. Qd3 c6 36. h5 gxh5 37. Nh4 d5 38. Nxf5 d4 39. Kh4 c5 40. Qe4 Kg8
41. Kxh5 d3 42. Kh4 d2 43. Ne3 Kf7 44. f5 Qd4 45. f3 Qxe4+ 46. fxe4 Bd4 47. Nd1
c4 48. bxc4 bxc4 0-1

[Event "?"]
[Site "?"]
[Date "????.??.??"]
[Round "?"]
[White "Lerstad, B."]
[Black "Müller, L."]
[Result "1/2-1/2"]
[WhiteElo "1825"]
[BlackElo "2082"]
[PlyCount "65"]
[EventDate "2010.??.??"]
[WhiteTeam "Blindern Oldtimers"]
[BlackTeam "Rheno Palatinat"]

1. d4 d5 2. c4 dxc4 3. Nc3 e5 4. Nf3 exd4 5. Nxd4 c6 6. a4 Bc5 7. e3 Bxd4 8.
exd4 Be6 9. Be2 Na6 10. O-O Ne7 11. Bg5 Qd7 12. Re1 f6 13. Bh5+ Kf8 14. Qf3 Nd5
15. Ne4 f5 16. g4 Kg8 17. gxf5 Bxf5 18. Ng3 Rf8 19. Nxf5 Qxf5 20. Qxf5 Rxf5 21.
Re8+ Rf8 22. Rxf8+ Kxf8 23. Be2 h6 24. Bd2 Nab4 25. Bxc4 Ke7 26. Re1+ Kd7 27.
Re4 Rf8 28. Rg4 g5 29. h4 gxh4 30. Rxh4 Nc2 31. Bb3 Ncb4 32. Bc4 Nc2 33. Bd3
1/2-1/2

[Event "?"]
[Site "?"]
[Date "????.??.??"]
[Round "?"]
[White "Palmo, P."]
[Black "Morant, P."]
[Result "1/2-1/2"]
[WhiteElo "2080"]
[BlackElo "2194"]
[PlyCount "41"]
[EventDate "2010.??.??"]
[WhiteTeam "Turku"]
[BlackTeam "TuTS"]

1. d4 d5 2. c4 c6 3. Nf3 Nf6 4. cxd5 cxd5 5. Nc3 Nc6 6. Bg5 e6 7. Rc1 Bb4 8.
Qb3 a5 9. e3 a4 10. Qc2 a3 11. b3 Qa5 12. Bxf6 gxf6 13. Bd3 Bd7 14. O-O Bxc3
15. Qxc3 Qxc3 16. Rxc3 Nb4 17. Bb1 Bc6 18. Rfc1 Kd7 19. Ne1 h6 20. Nd3 Nxd3 21.
Rxd3 1/2-1/2

[Event "?"]
[Site "?"]
[Date "????.??.??"]
[Round "?"]
[White "Suominen, A."]
[Black "Alkkiomaki, J."]
[Result "1/2-1/2"]
[WhiteElo "1877"]
[BlackElo "2041"]
[PlyCount "25"]
[EventDate "2010.??.??"]
[WhiteTeam "TuTS"]
[BlackTeam "Turku"]

1. d4 d5 2. c4 e6 3. e3 Nf6 4. Nf3 Be7 5. Bd3 O-O 6. Nc3 Nbd7 7. O-O c6 8. b3
Re8 9. Bb2 Nf8 10. Re1 a6 11. Rc1 Ng6 12. h3 Bd6 13. cxd5 1/2-1/2

[Event "?"]
[Site "?"]
[Date "????.??.??"]
[Round "?"]
[White "Lehtosaari, K."]
[Black "Ketonen, T."]
[Result "1/2-1/2"]
[WhiteElo "2029"]
[BlackElo "1914"]
[PlyCount "31"]
[EventDate "2010.??.??"]
[WhiteTeam "Turku"]
[BlackTeam "TuTS"]

1. c4 e5 2. Nc3 Nc6 3. Nf3 Nf6 4. g3 Be7 5. Bg2 d6 6. d4 exd4 7. Nxd4 Ne5 8.
O-O O-O 9. b3 c6 10. Qc2 Re8 11. Bb2 Qc7 12. Rad1 a6 13. Rd2 Bf8 14. Rfd1 Bg4
15. Nf5 Bxf5 16. Qxf5 1/2-1/2

[Event "?"]
[Site "?"]
[Date "????.??.??"]
[Round "?"]
[White "Almi, O."]
[Black "Ranki, M."]
[Result "1/2-1/2"]
[WhiteElo "1792"]
[BlackElo "1927"]
[PlyCount "31"]
[EventDate "2010.??.??"]
[WhiteTeam "TuTS"]
[BlackTeam "Turku"]

1. e4 e5 2. Nf3 Nc6 3. Bb5 a6 4. Ba4 Nf6 5. O-O b5 6. Bb3 Be7 7. Re1 Bb7 8. c3
O-O 9. a4 d6 10. d3 h6 11. Nbd2 Na5 12. Ba2 c5 13. Nf1 Nc6 14. Ng3 Re8 15. Nf5
Bf8 16. h3 1/2-1/2

[Event "?"]
[Site "?"]
[Date "????.??.??"]
[Round "?"]
[White "Johannsen, I."]
[Black "Pamperin, G."]
[Result "0-1"]
[WhiteElo "2071"]
[BlackElo "2007"]
[PlyCount "104"]
[EventDate "2010.??.??"]
[WhiteTeam "Störtebeker"]
[BlackTeam "Mecklenburg-Vorp 2"]

1. e4 e6 2. d4 d5 3. Nd2 b6 4. Bd3 Bb7 5. Ne2 Nd7 6. e5 c5 7. c3 g6 8. f4 c4 9.
Bc2 Qh4+ 10. Ng3 Bg7 11. O-O Nh6 12. Nf3 Qe7 13. b4 O-O 14. a4 Rfe8 15. h3 Nf5
16. Qe1 h6 17. Nh1 Qd8 18. g4 Ne7 19. Ng3 Kh8 20. h4 Rg8 21. Kh2 Bf8 22. Be3 f5
23. gxf5 Nxf5 24. Bxf5 gxf5 25. Rg1 Be7 26. Ne2 Rxg1 27. Qxg1 Qe8 28. Qg2 Qf7
29. Rg1 Kh7 30. Qh3 Rg8 31. Rxg8 Qxg8 32. h5 Qf7 33. Ng3 Nf8 34. Qg2 Bc6 35. b5
Be8 36. Kh3 Qg7 37. Nh2 Bf7 38. Qa2 Nd7 39. a5 Qf8 40. a6 Bd8 41. Qb1 Be8 42.
Nf3 Qf7 43. Nh4 Nf8 44. Qd1 Bxb5 45. Ng6 Nxg6 46. hxg6+ Qxg6 47. Nh1 h5 48. Nf2
Kh6 49. Bd2 Be8 50. Be1 Qg7 51. Qf3 h4 52. Nd1 Bh5 0-1

[Event "?"]
[Site "?"]
[Date "????.??.??"]
[Round "?"]
[White "Oldach, E."]
[Black "Mewes, H."]
[Result "1-0"]
[WhiteElo "2070"]
[BlackElo "1924"]
[PlyCount "97"]
[EventDate "2010.??.??"]
[WhiteTeam "Mecklenburg-Vorp 2"]
[BlackTeam "Störtebeker"]

1. e4 c5 2. Nf3 d6 3. d4 cxd4 4. Nxd4 Nf6 5. Nc3 a6 6. Bc4 Nc6 7. O-O Bd7 8. a3
e6 9. Bb3 Qc7 10. Be3 Nxd4 11. Bxd4 e5 12. Be3 b5 13. Qd2 Be7 14. Rfd1 Be6 15.
Rac1 O-O 16. f3 Rfe8 17. Qf2 Rab8 18. Nd5 Nxd5 19. Bxd5 Bxd5 20. Rxd5 Rec8 21.
Qd2 Qc4 22. c3 Rb7 23. Rd1 a5 24. Qd3 Qxd3 25. R1xd3 a4 26. f4 f6 27. Kf2 Rc4
28. Kf3 h5 29. Rd1 Kh7 30. g3 g6 31. h3 Rc8 32. g4 g5 33. fxg5 fxg5 34. gxh5
Rc4 35. Re1 Kh6 36. h4 Kxh5 37. hxg5 Kg6 38. Bc1 Rb8 39. Kg4 Rc5 40. Rxc5 dxc5
41. Rh1 Bf8 42. Rf1 Bg7 43. Rd1 Rb6 44. Rd5 c4 45. Be3 Rb7 46. Rd6+ Kf7 47. Kf5
Ke8 48. g6 Rb8 49. Bg5 1-0

[Event "?"]
[Site "?"]
[Date "????.??.??"]
[Round "?"]
[White "Segebarth, B."]
[Black "Schneider, M."]
[Result "1/2-1/2"]
[WhiteElo "1930"]
[BlackElo "1995"]
[PlyCount "24"]
[EventDate "2010.??.??"]
[WhiteTeam "Mecklenburg-Vorp 2"]
[BlackTeam "Störtebeker"]

1. e4 d5 2. exd5 Qxd5 3. Nc3 Qa5 4. g3 c6 5. Bg2 Nf6 6. d3 e5 7. Nf3 Bd6 8. O-O
O-O 9. Ng5 Bg4 10. Qe1 Nbd7 11. Nce4 Qxe1 12. Rxe1 Bc7 1/2-1/2

[Event "?"]
[Site "?"]
[Date "????.??.??"]
[Round "?"]
[White "Harzer, P."]
[Black "Perman, T."]
[Result "1-0"]
[WhiteElo "2136"]
[BlackElo "2055"]
[PlyCount "47"]
[EventDate "2010.??.??"]
[WhiteTeam "BSW  Berlin/DBAG"]
[BlackTeam "Botnia"]

1. f4 d5 2. e3 Nf6 3. Nf3 Bg4 4. Be2 Bxf3 5. Bxf3 Nbd7 6. O-O e5 7. d4 e4 8.
Be2 Bd6 9. b3 O-O 10. c4 c6 11. Nc3 b6 12. Bb2 Re8 13. Rc1 Rc8 14. Rc2 Nb8 15.
Qd2 Re7 16. Rfc1 Rec7 17. a3 Qe7 18. cxd5 cxd5 19. Nb5 Rxc2 20. Rxc2 Rxc2 21.
Qxc2 Ne8 22. Qc8 Kf8 23. Nxd6 Qxd6 24. Bb5 1-0

[Event "?"]
[Site "?"]
[Date "????.??.??"]
[Round "?"]
[White "Lahti, J."]
[Black "Rollwitz, J."]
[Result "1/2-1/2"]
[WhiteElo "2020"]
[BlackElo "1991"]
[PlyCount "25"]
[EventDate "2010.??.??"]
[WhiteTeam "Botnia"]
[BlackTeam "BSW  Berlin/DBAG"]

1. d4 Nf6 2. Nf3 b6 3. g3 Bb7 4. Bg2 e6 5. O-O Be7 6. c4 O-O 7. Nc3 Ne4 8. Qc2
Nxc3 9. Qxc3 c5 10. b3 cxd4 11. Nxd4 Bxg2 12. Kxg2 Nc6 13. Bb2 1/2-1/2

[Event "?"]
[Site "?"]
[Date "2010.??.??"]
[Round "?"]
[White "Fitzke, U."]
[Black "Rantanen, V."]
[Result "0-1"]
[WhiteElo "2003"]
[BlackElo "2004"]
[PlyCount "114"]
[EventDate "2010.??.??"]
[WhiteTeam "BSW  Berlin/DBAG"]
[BlackTeam "Botnia"]

1. d4 Nf6 2. c4 g6 3. Nc3 d5 4. e3 Bg7 5. Nf3 O-O 6. Bd3 c6 7. O-O Qc7 8. Bd2
dxc4 9. Bxc4 Nbd7 10. Rc1 e5 11. Qb3 exd4 12. Nb5 Qb8 13. Nbxd4 c5 14. Ne2 Nb6
15. Bd3 Be6 16. Qa3 c4 17. Bb1 Rd8 18. Ned4 Bd5 19. Ba5 Bf8 20. Qc3 Qd6 21.
Rfd1 Rdc8 22. a3 Na4 23. Qd2 Qa6 24. Bb4 Nc5 25. Bc2 b5 26. Qe2 Qb6 27. Bc3
Nce4 28. Be1 a5 29. Nd2 Nd6 30. Ra1 b4 31. axb4 axb4 32. Rxa8 Bxa8 33. Ra1 Bg7
34. Nb1 Qb7 35. f3 Nd5 36. Bf2 Nb5 37. Be4 Nxd4 38. Qd1 Nb3 39. Rxa8 Qxa8 40.
Bxd5 Qa1 41. Bxf7+ Kh8 42. Bxc4 Qxb2 43. Be1 Qc1 44. Qxc1 Nxc1 45. Ba6 Ra8 46.
Bb7 Ra1 47. Be4 Ne2+ 48. Kf2 Nc3 49. Bxc3 bxc3 50. Ke1 Ra2 51. Kd1 Rxg2 52. h3
Ra2 53. Bc2 Bf6 54. f4 Kg7 55. e4 Bd4 56. Bb3 Rh2 57. Be6 c2+ 0-1

[Event "?"]
[Site "?"]
[Date "????.??.??"]
[Round "?"]
[White "Runonen, R."]
[Black "Kaiser, H."]
[Result "1-0"]
[WhiteElo "1782"]
[BlackElo "1868"]
[PlyCount "59"]
[EventDate "2010.??.??"]
[WhiteTeam "Botnia"]
[BlackTeam "BSW  Berlin/DBAG"]

1. e4 c5 2. d4 cxd4 3. c3 dxc3 4. Nxc3 Nc6 5. Bb5 e6 6. Nf3 Bb4 7. O-O Nge7 8.
Bg5 Qa5 9. Qd3 Bxc3 10. bxc3 O-O 11. Bd2 Qa3 12. Rfb1 Qc5 13. Ba4 a6 14. Bc2
Ne5 15. Nxe5 Qxe5 16. f4 Qh5 17. Rf1 f5 18. Qd6 Qf7 19. Rf3 fxe4 20. Bxe4 Nf5
21. Qd3 d5 22. Bxf5 Qxf5 23. Qd4 b5 24. Re1 Qf7 25. Be3 Bd7 26. Qb4 Rfc8 27.
Bd4 Qf8 28. Rg3 g6 29. Qb1 Rc4 30. Rxg6+ 1-0

[Event "?"]
[Site "?"]
[Date "????.??.??"]
[Round "?"]
[White "Svensson, S."]
[Black "Standal, B."]
[Result "1-0"]
[WhiteElo "2004"]
[BlackElo "1919"]
[PlyCount "49"]
[EventDate "2010.??.??"]
[WhiteTeam "Schweden 4"]
[BlackTeam "Norwegen 3"]

1. d4 Nf6 2. c4 g6 3. Nc3 Bg7 4. e4 d6 5. Be2 O-O 6. Bg5 c5 7. d5 Nbd7 8. Nf3
a6 9. a4 Qa5 10. O-O h6 11. Bf4 Nh5 12. Be3 Nhf6 13. Ne1 Kh7 14. f4 Ng8 15. g4
f5 16. exf5 gxf5 17. g5 Bxc3 18. bxc3 Qxc3 19. Rf3 Qg7 20. Rg3 Re8 21. Nf3 e5
22. gxh6 Qf6 23. Ng5+ Kxh6 24. Rh3+ Kg6 25. Bh5+ 1-0

[Event "?"]
[Site "?"]
[Date "????.??.??"]
[Round "?"]
[White "Ovesen, K."]
[Black "Nordenström, S."]
[Result "1/2-1/2"]
[WhiteElo "1883"]
[BlackElo "1961"]
[PlyCount "47"]
[EventDate "2010.??.??"]
[WhiteTeam "Norwegen 3"]
[BlackTeam "Schweden 4"]

1. d4 Nf6 2. Nf3 e6 3. Bg5 Be7 4. e3 b6 5. Bd3 Bb7 6. Nbd2 d5 7. Ne5 a6 8. f4
Nbd7 9. Nxd7 Nxd7 10. Bxe7 Qxe7 11. Nf3 c5 12. c3 c4 13. Bc2 f5 14. O-O O-O 15.
Kh1 Bc6 16. Rg1 Kh8 17. Qe1 Rg8 18. Ng5 Nf8 19. Nf3 Ra7 20. Ne5 Be8 21. Qf2 Rc7
22. g4 g6 23. Qg3 Rg7 24. g5 1/2-1/2

[Event "?"]
[Site "?"]
[Date "????.??.??"]
[Round "?"]
[White "Ludvigsen, J."]
[Black "Wiman, K."]
[Result "1/2-1/2"]
[WhiteElo "1821"]
[BlackElo "1993"]
[PlyCount "66"]
[EventDate "2010.??.??"]
[WhiteTeam "Norwegen 3"]
[BlackTeam "Schweden 4"]

1. e4 e6 2. d4 d5 3. Nc3 Nf6 4. Bg5 Be7 5. e5 Nfd7 6. Bxe7 Qxe7 7. f4 a6 8. Nf3
c5 9. dxc5 Qxc5 10. Qd2 Nc6 11. Ne2 f6 12. Ned4 Nxd4 13. Nxd4 Qe7 14. exf6 Nxf6
15. Bd3 e5 16. fxe5 Qxe5+ 17. Qe2 Qxe2+ 18. Bxe2 Bd7 19. O-O O-O 20. Bd3 Rae8
21. Rae1 Rxe1 22. Rxe1 Re8 23. Rxe8+ Nxe8 24. Kf2 Nd6 25. b4 Kf7 26. Ke3 h6 27.
h4 Kf6 28. c3 a5 29. a4 Nf7 30. Bc2 Ke5 31. Nf3+ Kd6 32. Nd4 Ke5 33. Nf3+ Kd6
1/2-1/2

[Event "?"]
[Site "?"]
[Date "????.??.??"]
[Round "?"]
[White "Ofstad, P."]
[Black "Ehlert, J."]
[Result "1-0"]
[WhiteElo "2187"]
[BlackElo "2009"]
[PlyCount "65"]
[EventDate "2010.??.??"]
[WhiteTeam "Norwegen Ost"]
[BlackTeam "Stiftg BSW/DBAG 4"]

1. Nf3 g6 2. d4 Bg7 3. e4 d6 4. Nc3 c6 5. a4 Nf6 6. Be2 O-O 7. h3 b6 8. Be3 Ba6
9. O-O Bxe2 10. Qxe2 Nbd7 11. Rad1 Qc8 12. Rfe1 e6 13. Qd2 d5 14. e5 Ne8 15.
Bg5 Nc7 16. Be7 Re8 17. Bd6 a6 18. Qf4 h6 19. Nh2 Nf8 20. Ng4 g5 21. Qg3 Ng6
22. Ne2 Rd8 23. f4 Ne8 24. Bb4 c5 25. Bc3 cxd4 26. Bxd4 gxf4 27. Nxf4 Qxc2 28.
Ne3 Qxa4 29. Nxg6 fxg6 30. Qxg6 Qd7 31. Ng4 Kh8 32. Rf1 Ra7 33. Bxb6 1-0

[Event "?"]
[Site "?"]
[Date "????.??.??"]
[Round "?"]
[White "Scholze, R."]
[Black "Nordby, B."]
[Result "0-1"]
[WhiteElo "2012"]
[BlackElo "2128"]
[PlyCount "64"]
[EventDate "2010.??.??"]
[WhiteTeam "Stiftg BSW/DBAG 4"]
[BlackTeam "Norwegen Ost"]

1. e4 e6 2. d4 d5 3. Nc3 Bb4 4. exd5 exd5 5. Nf3 Nc6 6. Bb5 Nge7 7. O-O O-O 8.
Re1 Bg4 9. Be3 a6 10. Bf1 Nf5 11. Qd3 Bxc3 12. bxc3 Bxf3 13. gxf3 Nh4 14. Bd2
Qf6 15. f4 Qg6+ 16. Qxg6 fxg6 17. Bg2 Nxg2 18. Kxg2 Na5 19. Re7 Nc4 20. Be3 Rf7
21. Rxf7 Kxf7 22. Kf3 Kf6 23. Rg1 Rd8 24. Bc1 Re8 25. h4 h6 26. Be3 Re6 27. Rb1
b6 28. Rd1 Rc6 29. Bc1 Nd6 30. Bd2 h5 31. Re1 Ne4 32. Re3 Nxd2+ 0-1

[Event "?"]
[Site "?"]
[Date "????.??.??"]
[Round "?"]
[White "Jenkins, T."]
[Black "Warnke, E."]
[Result "1/2-1/2"]
[WhiteElo "1969"]
[BlackElo "1821"]
[PlyCount "26"]
[EventDate "2010.??.??"]
[WhiteTeam "Norwegen Ost"]
[BlackTeam "Stiftg BSW/DBAG 4"]

1. e4 c5 2. Nf3 d6 3. d4 cxd4 4. Nxd4 Nf6 5. Nc3 a6 6. Be2 e6 7. O-O Be7 8. Be3
Nc6 9. f4 Qc7 10. a3 Bd7 11. Kh1 Rc8 12. Rc1 Na5 13. Nf3 Nc4 1/2-1/2

[Event "?"]
[Site "?"]
[Date "????.??.??"]
[Round "?"]
[White "Bisse, V."]
[Black "Hollstein, J."]
[Result "0-1"]
[WhiteElo "1930"]
[BlackElo "2020"]
[PlyCount "52"]
[EventDate "2010.??.??"]
[WhiteTeam "Senioren Dresden 1"]
[BlackTeam "Stiftg BSW/DBAG 2"]

1. e4 c6 2. d4 d5 3. Nc3 dxe4 4. Nxe4 Bf5 5. Ng3 Bg6 6. Nf3 Nd7 7. Nh4 Ngf6 8.
Nxg6 hxg6 9. c3 Qc7 10. Bc4 e6 11. Qf3 c5 12. dxc5 Bxc5 13. Bb5 O-O-O 14. Bxd7+
Nxd7 15. Bf4 e5 16. Be3 e4 17. Qxf7 Bxe3 18. Qxg6 Bf4 19. Nf5 Ne5 20. Qe6+ Kb8
21. Rd1 Nd3+ 22. Ke2 Bxh2 23. g3 Bxg3 24. fxg3 Rhe8 25. Qg6 Qc4 26. Ne3 Nf4+
0-1